Statistiques concernant Stations du RER E

Cliquez ici pour prendre le quiz!

Statistiques générales

  • Ce quiz a été pris 373 fois
  • Le résultat moyen est 15 sur 22

Statistiques - réponses

ZoneDépartementTerminus/RERStation% Correct
175Terminus/RER B/RER DMagenta
96%
175-Rosa Parks
90%
293-Pantin
85%
393-Noisy-le-Sec
84%
175Terminus/RER AHaussmann-Saint-Lazare
80%
477TerminusChelles-Gournay
79%
577TerminusTournan
78%
393-Bondy
77%
394-Val-de-Fontenay
77%
393-Rosny-sous-Bois
74%
393-Rosny-Bois-Perrier
70%
493TerminusGagny
66%
394TerminusNogent-Le Perreux
62%
493-Le Raincy-Villemomble-Montfermeil
61%
494TerminusVilliers-sur-Marne-Le Plessis-Trévise
55%
577-Roissy-en-Brie
52%
577-Ozoir-la-Ferrière
51%
577TerminusEmerainville-Pontault-Combault
49%
493-Le Chénay-Gagny
49%
577TerminusGretz-Armainvilliers
46%
394-Les Boullereaux-Champigny
45%
493-Les Yvris-Noisy-le-Grand
45%

Distribution des résultats

Percentile par nombre de réponses

% des personnes avec chaque résultat

Votre développement - résultats

Vous n’avez pas pris ce quiz